000 01319nam0a2200325 4500
001 RU\NLR\bibl\1320214
005 20260405070708.0
010 _a978-5-353-03732-3
_97000
021 _aRU
_b2008-86647
035 _a(NLR Aleph) 001305569
090 _a646744
_c646744
100 _a20090126d2008 |||y0rusy50 ca
101 0 _arus
102 _aRU
105 _aa |||||||||
200 1 _aЖивотные России
_eкрасная книга
_e[для среднего и старшего школьного возраста
_fТихонов Александр Васильевич]
210 _aМосква
_cРОСМЭН
_d2008
215 _a238 c.
_cцв. ил.
_d28
225 1 _aСерия "Красная книга"
300 _aАвт. указ. перед вып. дан.
320 _aУказ. назв. животных: с. 236-238
606 1 _aКрасная книга животных
_jИздания для детей
_92554931
_3RU\NLR\auth\661511658
686 _aШ9
_bЕ6
700 1 _4070
_7ca
_8rus
_aТихонов
_bА. В.
_cд-р биол. наук
_cписатель
_gАлександр Васильевич
_9194
_3RU\NLR\AUTH\7717104
801 0 _aRU
_bNLR
_c20090126
_gRCR
801 1 _aRU
_bNLR
_c20090126
942 _cBOOK
980 _aNB